Wszystkie gminy w powiecie bytowskim - Statystyki

Ogólne statystyki
  • Ten quiz został rozwiązany 8 razy
  • Średni wynik to 12 z 14
Statystyki odpowiedzi
Gmina Odpowiedź % Poprawnych
Gmina Miejsko-Wiejska Bytów
100%
Miasto Bytów
100%
Obszar Wiejski Bytów
100%
Gmina Wiejska Borzytuchom
88%
Gmina Wiejska Czarna Dąbrówka
88%
Gmina Wiejska Kołczygłowy
88%
Gmina Miejsko-Wiejska Miastko
88%
Miasto Miastko
88%
Obszar Wiejski Miastko
88%
Gmina Wiejska Tuchomie
88%
Gmina Wiejska Parchowo
75%
Gmina Wiejska Studzienice
75%
Gmina Wiejska Lipnica
63%
Gmina Wiejska Trzebielino
63%
Nie znaleziono quizów pasujących do podanych kryteriów
Rozkład punktacji
Procent ludzi z każdym wynikiem
Percentyl według liczby udzielonych odpowiedzi
Twoja historia wyników
Nie rozwiązałeś tego quizu